| 000 | 00857nam a22002897a 4500 | ||
|---|---|---|---|
| 003 | CHAP | ||
| 005 | 20220817043351.0 | ||
| 008 | 971013s1972 r 00010 d | ||
| 010 | _a73350 | ||
| 011 | _a74322 | ||
| 035 | _a83881 | ||
| 040 | _cCHAP | ||
| 082 |
_a633.31 _bH3 |
||
| 100 | 0 | 0 |
_aHanson, Clarence H. _eed. _952592 |
| 245 | _aAlfalfa science and technology | ||
| 260 |
_aMadison, American Society of Agronomy, _c1972 |
||
| 300 | _a812 p. ilus. | ||
| 490 | _aAgronomy | ||
| 590 |
_aBATCH-UPD _b10 _c20130110 _lUCH01 _h0828 |
||
| 590 |
_aCONVERSION _b10 _c20130109 _lUCH01 _h1340 |
||
| 650 | 1 | 4 | _aAlfalfa. |
| 830 | 0 |
_aAgronomy _92198 |
|
| 901 | _aBK | ||
| 942 | _cLIBRO | ||
| 949 |
_a633.31 H3 _bBC _cLIBRO _d33724000223665 _eLIBRO _h29020 _i83881 _si _t287.00 |
||
| 949 |
_a633.31 H3 _bBC _cLIBRO _d33724000603593 _eLIBRO _fc.2 _h51089 _i83881 _si _t287.00 |
||
| 999 |
_c73350 _d73350 |
||